[Event "VIE-ch U11"]
[Site "Hai Phong"]
[Date "2018.07.08"]
[Round "3"]
[White "Ho, Viet Anh"]
[Black "Thai, Trung Ky"]
[Result "1/2-1/2"]
[WhiteElo "1885"]
[BlackElo "1867"]
[PlyCount "75"]
[EventDate "2018.07.07"]
[EventType "swiss"]
[EventRounds "9"]
[EventCountry "VIE"]
[SourceTitle "EXT 2019"]
[Source "ChessBase"]
[SourceDate "2018.10.10"]
[SourceVersion "1"]
[SourceVersionDate "2018.10.10"]
[SourceQuality "1"]

1. e4 e5 2. Nf3 d6 3. h3 Be6 4. Nc3 Nf6 5. Bb5+ c6 6. Ba4 Be7 7. 0-0 Nbd7 8. Bb3 Bxb3 9. axb3 0-0 10. d3 h6 11. Be3 c5 12. Re1 b6 13. Qd2 Re8 14. Ra6 Nb8 15. Ra4 Nc6 16. Raa1 Qd7 17. Rad1 Red8 18. Qc1 Qc7 19. Rd2 Rd7 20. Red1 Nd4 21. Bxd4 cxd4 22. Ne2 Qc8 23. Ng3 Nh7 24. Nf5 Bf8 25. Re2 g6 26. Ng3 Qc7 27. Qd2 a5 28. Rc1 Rc8 29. c3 b5 30. c4 b4 31. Qd1 Bg7 32. Rcc2 Qc5 33. Qd2 Nf8 34. Nh2 f6 35. Re1 Ne6 36. Rcc1 Kh7 37. Nf3 h5 38. Ra1 1/2-1/2